| 000 | 00397nam a2200181Ia 4500 | ||
|---|---|---|---|
| 001 | 2819 | ||
| 005 | 20260306144835.0 | ||
| 008 | 260306t2015||||xx |||||||||||||| ||spa|| | ||
| 041 | _aESP | ||
| 082 |
_a230.2 _bM86 |
||
| 100 |
_aMorales, José _eAUT |
||
| 245 | 0 | _aIntroducción a la teología | |
| 260 | _c2015 | ||
| 300 |
_a _c |
||
| 650 | _aGEN | ||
| 654 | _aCHU | ||
| 942 |
_cLIB _dJUS _fJUS _2ddc _n |
||
| 999 |
_c2819 _d2819 |
||